Welcome to CU Library Online Public Access Catalogue (OPAC)

Management accounting : (Record no. 8798)

MARC details
000 -LEADER
fixed length control field 00982cam a2200265 a 4500
001 - CONTROL NUMBER
control field 14172136
005 - DATE AND TIME OF LATEST TRANSACTION
control field 20260220135753.0
008 - FIXED-LENGTH DATA ELEMENTS--GENERAL INFORMATION
fixed length control field 051117s2005 enka f b 001 0 eng d
020 ## - INTERNATIONAL STANDARD BOOK NUMBER
International Standard Book Number 1412908434
020 ## - INTERNATIONAL STANDARD BOOK NUMBER
International Standard Book Number 1853963836
Qualifying information pbk.
020 ## - INTERNATIONAL STANDARD BOOK NUMBER
International Standard Book Number 9781412908436
020 ## - INTERNATIONAL STANDARD BOOK NUMBER
International Standard Book Number 9781853963834
Qualifying information (pbk.)
050 00 - LIBRARY OF CONGRESS CALL NUMBER
Classification number HF5657.4
Item number .C648 2005
082 04 - DEWEY DECIMAL CLASSIFICATION NUMBER
Classification number 658.1'511
Edition information 22
100 1# - MAIN ENTRY--PERSONAL NAME
Personal name Coombs, Hugh M.
Fuller form of name (Hugh Malcolm)
245 10 - TITLE STATEMENT
Title Management accounting :
Remainder of title principles and applications /
Statement of responsibility, etc. Hugh Coombs, David Hobbs, Ellis Jenkins.
260 ## - PUBLICATION, DISTRIBUTION, ETC.
Place of publication, distribution, etc. London ;
-- Thousand Oaks :
Name of publisher, distributor, etc. SAGE Publications,
Date of publication, distribution, etc. 2005.
300 ## - PHYSICAL DESCRIPTION
Extent xi, 347 p. :
Other physical details ill. ;
Dimensions 24 cm.
650 #0 - SUBJECT ADDED ENTRY--TOPICAL TERM
Topical term or geographic name entry element Managerial accounting.
700 1# - ADDED ENTRY--PERSONAL NAME
Personal name Hobbs, David,
Dates associated with a name 1955-
700 1# - ADDED ENTRY--PERSONAL NAME
Personal name Jenkins, D. E.
Fuller form of name (David Ellis)
856 42 - ELECTRONIC LOCATION AND ACCESS
Materials specified Publisher description
Uniform Resource Identifier <a href="http://www.loc.gov/catdir/enhancements/fy0657/2005901200-d.html">http://www.loc.gov/catdir/enhancements/fy0657/2005901200-d.html</a>
856 41 - ELECTRONIC LOCATION AND ACCESS
Materials specified Table of contents only
Uniform Resource Identifier <a href="http://www.loc.gov/catdir/enhancements/fy0657/2005901200-t.html">http://www.loc.gov/catdir/enhancements/fy0657/2005901200-t.html</a>
942 ## - ADDED ENTRY ELEMENTS (KOHA)
Source of classification or shelving scheme Library of Congress Classification
Koha item type Books
Suppress in OPAC No
999 ## -
-- 8798
-- 8798
Holdings
Withdrawn status Lost status Source of classification or shelving scheme Damaged status Not for loan Collection Home library Current library Shelving location Date acquired Total checkouts Full call number Barcode Date last seen Copy number Price effective from Koha item type Public note
    Library of Congress Classification     Non-fiction Graduate Library (Christ Temple) Graduate Library (Christ Temple) General stacks 02/20/2026   HF 5657.4.C648 COO GSCT00002784 02/20/2026 1 02/20/2026 Books  
    Library of Congress Classification     Non-fiction Graduate Library (Christ Temple) Graduate Library (Christ Temple) General stacks 02/20/2026   HF 5657.4.C648 COO GSCT00002785 02/20/2026 2 02/20/2026 Books  
    Library of Congress Classification     Non-fiction Graduate Library (Christ Temple) Graduate Library (Christ Temple) General stacks 02/20/2026   HF 5657.4.C648 COO GSCT00002786 02/20/2026 3 02/20/2026 Books  
    Library of Congress Classification     Non-fiction Graduate Library (Christ Temple) Graduate Library (Christ Temple) General stacks 02/20/2026   HF 5657.4.C648 COO GSCT00002787 02/20/2026 4 02/20/2026 Books  
    Library of Congress Classification     Non-fiction Graduate Library (Christ Temple) Graduate Library (Christ Temple) General stacks 02/23/2026   HF5657.4.C648 COO GSCT00002852 02/23/2026 5 02/23/2026 Books EAQ
© 2023-2024 Copyright: Central University Libraries. All Rights Reserved | Created by: Mahone Tech Office